[Event "Elit(Wasa-Rockaden,Umea)"]
[Site "?"]
[Date "2019.03.09"]
[Round "6"]
[White "Moreau, Teodor"]
[Black "Mardell, Jonas"]
[Result "1-0"]
[WhiteElo "2322"]
[BlackElo "2029"]
[PlyCount "81"]
1. d4 d5 2. c4 e6 3. Nf3 Nf6 4. g3 Be7 5. Bg2 O-O 6. Nbd2 c5 7. cxd5 exd5 8.
dxc5 Nbd7 9. Nb3 Nxc5 10. O-O Nce4 11. Be3 a5 12. Bd4 a4 13. Nc1 Bd7 14. Nd3
Qa5 15. Nfe5 Bb5 16. Rc1 Rac8 17. Bh3 Rxc1 18. Qxc1 Bd6 19. Qc2 Ng5 20. Bg2 Ne6
21. Be3 Qa6 22. Re1 Ne4 23. a3 f6 24. Nf3 Bc4 25. Bh3 Bb8 26. Nb4 Qd6 27. Nd2
Nxd2 28. Qxd2 Nc5 29. Bf4 Qd8 30. Bxb8 Qxb8 31. Qd4 Qd6 32. Bg2 Rd8 33. e3 Nb3
34. Qc3 Qe5 35. Qc2 d4 36. Qxc4+ Kh8 37. Rd1 Re8 38. exd4 Qf5 39. d5 h6 40. d6
b5 41. Qd3 1-0

[Event "Elit(Stockholms SS-Vasteras)"]
[Site "?"]
[Date "2019.03.09"]
[Round "6"]
[White "Miezis, Normunds"]
[Black "Lokander, Martin"]
[Result "1-0"]
[WhiteElo "2469"]
[BlackElo "2415"]
[PlyCount "171"]
1. c4 e6 2. Nf3 d5 3. e3 Nf6 4. b3 Be7 5. Bb2 O-O 6. Be2 c5 7. O-O Nc6 8. cxd5
Nxd5 9. Nc3 Nxc3 10. Bxc3 b6 11. d4 Bf6 12. Rc1 cxd4 13. Nxd4 Nxd4 14. Bxd4
Bxd4 15. Qxd4 Qxd4 16. exd4 Bb7 17. Rc7 Rab8 18. Rfc1 Rfd8 19. Re7 Be4 20. f3
Bg6 21. Rxa7 Rxd4 22. Rb7 Rbd8 23. a4 Rd2 24. Bf1 R2d6 25. Kf2 h5 26. h4 Rd2+
27. Kg3 R8d6 28. b4 Ra2 29. Ra7 Rd4 30. a5 Rxb4 31. a6 b5 32. Ra8+ Kh7 33. a7
Rb3 34. Rc7 Rb1 35. Rb8 Rxf1 36. a8=Q Rxa8 37. Rxa8 Rb1 38. Rb8 Rb2 39. Rc5 Bd3
40. Rxh5+ Kg6 41. Rg5+ Kf6 42. Rg4 g6 43. Kh2 e5 44. Rb6+ Kg7 45. h5 Bf5 46.
Rh4 g5 47. h6+ Kh7 48. Rh5 Bg6 49. Rxg5 Re2 50. Rxb5 e4 51. f4 Kxh6 52. Rb6 Rf2
53. Kg3 Rf1 54. Kg4 Rf2 55. g3 e3 56. f5 e2 57. Rbxg6+ fxg6 58. Rxg6+ Kh7 59.
Re6 Kg7 60. Kg5 Kf7 61. g4 Rh2 62. Re3 Rg2 63. f6 Kf8 64. Kf5 Kf7 65. Re7+ Kf8
66. g5 Rh2 67. Re3 Rg2 68. Kg6 Rf2 69. Re4 Rh2 70. f7 e1=Q 71. Rxe1 Re2 72. Ra1
Re6+ 73. Kf5 Rb6 74. g6 Rb5+ 75. Kg4 Rb8 76. Re1 Rb4+ 77. Kh3 Kg7 78. Re5 Rb3+
79. Kh4 Rb4+ 80. Kg3 Rb3+ 81. Kf2 Rb2+ 82. Ke3 Rb3+ 83. Kd4 Rb4+ 84. Kc5 Rf4
85. Re8 Kh6 86. f8=Q+ 1-0

[Event "Elit(Rockaden,Sthlm-Farsta SK)"]
[Site "?"]
[Date "2019.03.09"]
[Round "6"]
[White "Ong, Kezli"]
[Black "Neiksans, Arturs"]
[Result "0-1"]
[WhiteElo "2341"]
[BlackElo "2552"]
[PlyCount "156"]
[SourceDate "2019.03.13"]
1. e4 c5 2. Nf3 e6 3. d4 cxd4 4. Nxd4 Nc6 5. Nc3 Qc7 6. Be2 a6 7. O-O Nf6 8.
Be3 Bb4 9. Na4 Be7 10. Nxc6 bxc6 11. Nb6 Rb8 12. Nxc8 Qxc8 13. Bd4 c5 14. Be5
Rb6 15. Qd3 d6 16. Bc3 O-O 17. b3 Qc6 18. e5 Nd5 19. exd6 Qxd6 20. Bb2 Qc7 21.
Rfd1 Bd6 22. g3 Be5 23. c3 Rd6 24. Qf3 Rfd8 25. Rd3 g6 26. Rad1 Kg7 27. Kg2 a5
28. h4 h5 29. Qe4 Bf6 30. Bf3 Nxc3 31. Bxc3 Bxc3 32. Rxd6 Rxd6 33. Rxd6 Qxd6
34. Qc4 Bb4 35. a4 Qd2 36. Qe2 Qc3 37. Qc4 Qb2 38. Be2 Qe5 39. Bf3 Bc3 40. Qe4
Qd6 41. Qc4 Qd2 42. Qe2 Qc1 43. Qd1 Qb2 44. Be4 Bd4 45. Qc2 Qa3 46. Bf3 Qb4 47.
Kf1 Bc3 48. Be2 Bf6 49. Bf3 Bd4 50. Qd3 e5 51. Bd5 f5 52. Qc2 e4 53. Qe2 Qc3
54. Kg2 Kh6 55. Bf7 Kg7 56. Bd5 Qb4 57. Kh3 Qb6 58. Kg2 Qd6 59. Bb7 Qe7 60. Bc6
Qe6 61. Qb5 e3 62. Qb7+ Kh6 63. fxe3 Qxe3 64. Qf7 Qf2+ 65. Kh3 Qf1+ 66. Bg2 Qd1
67. Bc6 Qf1+ 68. Bg2 Qe2 69. Bc6 Bg7 70. Bb7 Qf1+ 71. Bg2 Qd1 72. Bc6 Qd6 73.
Bg2 Be5 74. Qg8 Qf6 75. Qd5 f4 76. g4 hxg4+ 77. Kxg4 f3 78. Qd2+ Bf4 0-1

[Event "Elit(Stockholms SS-Vasteras)"]
[Site "?"]
[Date "2019.03.09"]
[Round "6"]
[White "Westerberg, Jonathan"]
[Black "Akesson, Ralf"]
[Result "1-0"]
[WhiteElo "2542"]
[BlackElo "2362"]
[PlyCount "49"]
1. Nf3 Nf6 2. c4 c5 3. g3 b6 4. Bg2 Bb7 5. O-O e6 6. Nc3 Be7 7. d4 cxd4 8. Qxd4
d6 9. Rd1 a6 10. Bg5 Nbd7 11. Qd2 Rc8 12. Bf4 Rxc4 13. Bxd6 Bxd6 14. Qxd6 Rc6
15. Qa3 Rc7 16. Rac1 Qc8 17. Ng5 Bxg2 18. Kxg2 Qb7+ 19. f3 Nc5 20. b4 h6 21.
bxc5 hxg5 22. cxb6 Qxb6 23. Rb1 Qa7 24. Qd6 Rc8 25. h3 1-0

[Event "Elit(Rockaden,Sthlm-Farsta SK)"]
[Site "?"]
[Date "2019.03.09"]
[Round "6"]
[White "Hammer, Jon Ludvig"]
[Black "Degerman, Lars"]
[Result "1-0"]
[WhiteElo "2652"]
[BlackElo "2454"]
[PlyCount "71"]
1. d4 Nf6 2. c4 g6 3. Nc3 d5 4. cxd5 Nxd5 5. Bd2 Bg7 6. e4 Nxc3 7. Bxc3 O-O 8.
Qd2 Nc6 9. Nf3 Bg4 10. d5 Bxf3 11. Bxg7 Kxg7 12. gxf3 Ne5 13. Qc3 f6 14. O-O-O
Qd6 15. Bh3 Rad8 16. Kb1 c6 17. f4 Nf7 18. Qe3 cxd5 19. exd5 Rfe8 20. Be6 Qb4
21. Rd4 Qb6 22. Rg1 Nd6 23. f5 Nb5 24. fxg6 Na3+ 25. Qxa3 Qxd4 26. gxh7+ Kh8
27. Qf3 Qh4 28. Rg8+ Rxg8 29. hxg8=R+ Rxg8 30. Bxg8 Kxg8 31. Qg3+ Qxg3 32. fxg3
Kg7 33. g4 Kg6 34. h4 f5 35. g5 f4 36. Kc2 1-0

[Event "Elit(Stockholms SS-Vasteras)"]
[Site "?"]
[Date "2019.03.09"]
[Round "6"]
[White "Sjodahl, Pontus"]
[Black "Seo, Jung Min"]
[Result "1-0"]
[WhiteElo "2416"]
[BlackElo "2372"]
[PlyCount "119"]
1. d4 Nf6 2. c4 g6 3. f3 Nh5 4. e4 e5 5. Be3 Nc6 6. Ne2 exd4 7. Nxd4 Bg7 8. Nc3
O-O 9. Qd2 d6 10. Nxc6 bxc6 11. Be2 a5 12. O-O c5 13. Rad1 Bb7 14. b3 Re8 15.
Rfe1 Nf6 16. Nb5 Qb8 17. Bf1 Nd7 18. a3 Ba6 19. Rb1 Ne5 20. b4 cxb4 21. axb4 a4
22. Na3 Rd8 23. Kh1 Bc8 24. Bd4 Bb7 25. Bc3 f6 26. Ra1 Re8 27. Qc2 Bc6 28. Ra2
Bd7 29. Qb2 Qd8 30. Nc2 Qe7 31. Ne3 Be6 32. Qa1 Qf7 33. Bxe5 dxe5 34. Rxa4 Rab8
35. Qc3 Red8 36. Ra7 Bf8 37. c5 Rd4 38. Nc2 Rd7 39. Na3 Bh6 40. Rb1 Bd2 41. Qc2
Be3 42. Nc4 Bd4 43. Na5 Ba2 44. Bc4 Bxc4 45. Nxc4 Qe6 46. Ra4 Qc6 47. Rc1 Kg7
48. h3 Rbd8 49. Rb1 Rb8 50. Ra3 Qe6 51. Rd3 Qc6 52. Na5 Qb5 53. Qc4 Qa4 54. Qe6
Rxb4 55. Rbd1 Rf7 56. Nc6 Rb2 57. Nd8 Rd7 58. Qe8 g5 59. Ne6+ Kh6 60. g4 1-0

[Event "Elit(Rockaden,Sthlm-Farsta SK)"]
[Site "?"]
[Date "2019.03.09"]
[Round "6"]
[White "Ernst, Thomas"]
[Black "Bator, Robert"]
[Result "1/2-1/2"]
[WhiteElo "2329"]
[BlackElo "2378"]
[PlyCount "50"]
1. d4 d5 2. c4 c6 3. Nf3 Nf6 4. Nc3 a6 5. c5 Bf5 6. Qb3 Qc8 7. h3 Nbd7 8. Bf4
e6 9. e3 Be7 10. Be2 Bd8 11. O-O Bc7 12. Qd1 O-O 13. Bxc7 Qxc7 14. Nh4 Be4 15.
Nxe4 dxe4 16. g3 Nd5 17. Ng2 e5 18. Rc1 Rad8 19. Qa4 f5 20. dxe5 g5 21. e6 Ne5
22. g4 Nf3+ 23. Bxf3 exf3 24. Ne1 Nxe3 25. Qb3 Nd5 1/2-1/2

[Event "Elit(LASK-Limhamn)"]
[Site "?"]
[Date "2019.02.02"]
[Round "5"]
[White "Eklund, Joel"]
[Black "Kucuksari, Kaan"]
[Result "1-0"]
[WhiteElo "2196"]
[BlackElo "2345"]
[PlyCount "95"]
1. d4 Nf6 2. c4 e6 3. Nc3 d5 4. cxd5 exd5 5. Bg5 c6 6. e3 Be7 7. Bd3 Nbd7 8.
Qc2 O-O 9. Nf3 Re8 10. O-O Nf8 11. Rab1 a5 12. a3 Be6 13. b4 axb4 14. axb4 N6d7
15. Bxe7 Qxe7 16. b5 Rec8 17. bxc6 bxc6 18. Na4 f6 19. Rfc1 Bf7 20. h3 Rc7 21.
Nb6 Nxb6 22. Rxb6 Be8 23. Nd2 Rca7 24. Rcb1 Ra2 25. R1b2 Ra1+ 26. Kh2 Rc8 27.
g3 Bd7 28. Nb3 Ra7 29. Nc5 Be8 30. Kg2 Bg6 31. Bxg6 hxg6 32. h4 Qe8 33. Kh2 Rf7
34. Nb7 Rd7 35. R2b3 g5 36. hxg5 Ne6 37. g6 Ng5 38. Qf5 Qe7 39. f4 Nf3+ 40. Kg2
Nd2 41. Rd3 Nc4 42. Qh5 Qe4+ 43. Kf2 Nd6 44. Qh7+ Kf8 45. Qh8+ Ke7 46. Qxg7+
Ke6 47. Nc5+ Kf5 48. Qh6 1-0

[Event "Elit(Farsta-Vasteras)"]
[Site "?"]
[Date "2019.02.02"]
[Round "5"]
[White "Akesson, Ralf"]
[Black "Ong, Kezli"]
[Result "1-0"]
[WhiteElo "2362"]
[BlackElo "2341"]
[PlyCount "79"]
[SourceDate "2019.02.06"]
1. Nf3 Nf6 2. c4 e6 3. g3 d5 4. Bg2 Be7 5. d4 O-O 6. O-O dxc4 7. Qc2 a6 8. a4
Bd7 9. Qxc4 Bc6 10. Bg5 a5 11. Nc3 Na6 12. e3 Nb4 13. Qe2 Ne4 14. Bxe7 Qxe7 15.
Ne5 Nxc3 16. bxc3 Bxg2 17. Kxg2 Nd5 18. Rfc1 f6 19. Nd3 Rfd8 20. Rab1 Qe8 21.
Qf3 b6 22. c4 Nb4 23. Nxb4 axb4 24. Qb7 Qe7 25. c5 bxc5 26. Rxc5 Rdb8 27. Qc6
Qd6 28. Qxd6 cxd6 29. Rb5 Rxb5 30. axb5 Kf7 31. Rxb4 Ke7 32. Kf3 Kd7 33. Rb2
Kc7 34. Rc2+ Kb7 35. b6 Rc8 36. Ra2 Kc6 37. Ra7 Rg8 38. Re7 d5 39. b7 Kd6 40.
Rxg7 1-0

[Event "Elit(Farsta-Vasteras)"]
[Site "?"]
[Date "2019.02.02"]
[Round "5"]
[White "Livner, Anders"]
[Black "Sjodahl, Pontus"]
[Result "1/2-1/2"]
[WhiteElo "2341"]
[BlackElo "2416"]
[PlyCount "43"]
1. Nf3 Nf6 2. c4 e6 3. g3 d5 4. Bg2 Be7 5. O-O O-O 6. b3 c5 7. cxd5 Nxd5 8. Bb2
b6 9. d4 Bb7 10. dxc5 Bxc5 11. Ne5 Nd7 12. Nd3 Be7 13. Nd2 Bf6 14. Bxf6 N7xf6
15. Rc1 Rc8 16. Nc4 b5 17. Qd2 bxc4 18. bxc4 h6 19. cxd5 Bxd5 20. Rxc8 Qxc8 21.
Rc1 Qb8 22. Bxd5 1/2-1/2

[Event "Elit(Farsta-Vasteras)"]
[Site "?"]
[Date "2019.02.02"]
[Round "5"]
[White "Norberg, Johan"]
[Black "Namini, Armin"]
[Result "1/2-1/2"]
[WhiteElo "2297"]
[BlackElo "2214"]
[PlyCount "87"]
1. g3 g6 2. Bg2 Bg7 3. Nf3 Nf6 4. O-O O-O 5. c4 d6 6. d4 Nbd7 7. Nc3 e5 8. Rb1
Re8 9. d5 a5 10. e4 Nc5 11. Ne1 c6 12. Nd3 Nfd7 13. Be3 Nxd3 14. Qxd3 c5 15.
Nb5 Ra6 16. Rbe1 Nf6 17. Bg5 h6 18. Bd2 Bd7 19. a4 Bxb5 20. axb5 Ra8 21. Bh3
Nh5 22. Bg4 Nf6 23. Bh3 Nh5 24. Bg4 Nf6 25. Bd1 b6 26. Kg2 Ra7 27. h4 h5 28. f3
Qc8 29. Rh1 Kf8 30. Reg1 Ke7 31. Kf1 Kd7 32. Ke1 Kc7 33. Be2 Rh8 34. g4 Rh7 35.
Kd1 Qh8 36. g5 Nd7 37. Rh3 Qe8 38. Rhg3 Rh8 39. Bf1 Rf8 40. Bh3 Kb8 41. Kc2 Qe7
42. R3g2 Kc7 43. Bc3 Bh8 44. Bd2 1/2-1/2

[Event "Elit(Farsta-Vasteras)"]
[Site "?"]
[Date "2019.02.02"]
[Round "5"]
[White "Hedin, Gunnar"]
[Black "Bergstrom, Peter"]
[Result "0-1"]
[WhiteElo "2187"]
[BlackElo "2286"]
[PlyCount "52"]
1. f4 d5 2. Nf3 c6 3. g3 Nf6 4. Bg2 Qb6 5. e3 Bg4 6. h3 Bxf3 7. Bxf3 Nbd7 8. d4
Ne4 9. Bxe4 dxe4 10. Nc3 f5 11. a4 e6 12. a5 Qc7 13. Qe2 Nf6 14. Bd2 Bd6 15.
Qc4 Nd5 16. Nd1 O-O 17. Qb3 b5 18. axb6 Qxb6 19. Qa4 c5 20. c4 Nxe3 21. dxc5
Bxc5 22. b4 Bxb4 23. Bxb4 Qxb4+ 24. Ke2 Qxc4+ 25. Qxc4 Nxc4 26. Ra4 Rfc8 0-1

[Event "Elit(Farsta-Vasteras)"]
[Site "?"]
[Date "2019.02.02"]
[Round "5"]
[White "Landgren, Andreas"]
[Black "Ernst, Thomas"]
[Result "0-1"]
[WhiteElo "2275"]
[BlackElo "2329"]
[PlyCount "94"]
1. d4 Nf6 2. c4 g6 3. Nc3 d5 4. Nf3 Bg7 5. Qb3 dxc4 6. Qxc4 O-O 7. e4 a6 8. Be2
b5 9. Qb3 c5 10. dxc5 Bb7 11. O-O Nxe4 12. Nxe4 Bxe4 13. Rd1 Qc7 14. Be3 Nc6
15. a4 b4 16. Nd4 Be5 17. h3 e6 18. Bf3 Nxd4 19. Bxd4 Bxf3 20. Qxf3 Bxd4 21.
Rxd4 Qxc5 22. Rad1 a5 23. Rd7 Qf5 24. Qe3 Rac8 25. R1d3 Rc2 26. b3 Rfc8 27. Qd4
R2c3 28. Qe3 Rxd3 29. Rxd3 Rc1+ 30. Kh2 Rc2 31. f3 Kg7 32. Qd4+ Qf6 33. Qxf6+
Kxf6 34. Rd8 h5 35. Ra8 Rc5 36. h4 Kf5 37. Kg3 f6 38. Ra6 Ke5 39. Rb6 f5 40.
Ra6 f4+ 41. Kh2 Kd4 42. Rxe6 Kc3 43. Rxg6 Kxb3 44. Rf6 Rc4 45. Rf5 Kxa4 46.
Rxh5 b3 47. Rd5 b2 0-1

[Event "Elit(Farsta-Vasteras)"]
[Site "?"]
[Date "2019.02.02"]
[Round "5"]
[White "Hjelm, Niclas"]
[Black "Jonsson, Mikael"]
[Result "1-0"]
[WhiteElo "2325"]
[BlackElo "2251"]
[PlyCount "79"]
1. d4 Nf6 2. c4 e6 3. Nf3 Bb4+ 4. Nbd2 O-O 5. e3 d6 6. a3 Bxd2+ 7. Qxd2 a5 8.
b3 Qe7 9. Bb2 Nbd7 10. Be2 b6 11. O-O Bb7 12. Qc2 Ne4 13. Nd2 Nxd2 14. Qxd2 e5
15. Rad1 Rad8 16. f3 Rfe8 17. d5 f5 18. b4 Ra8 19. Qc3 Ba6 20. Rde1 Rf8 21. Bd3
Rf6 22. f4 e4 23. Be2 Rff8 24. g4 fxg4 25. Bxg4 Nf6 26. Be6+ Kh8 27. Rf2 Bc8
28. Bxc8 Rfxc8 29. Rg2 Rf8 30. Kh1 axb4 31. axb4 Rf7 32. Reg1 Rg8 33. Rg5 h6
34. Rg6 Kh7 35. Qd2 Qf8 36. Qg2 Qe7 37. Qh3 Nd7 38. Re6 Qd8 39. Rxe4 Re8 40.
Re6 1-0

[Event "Elit(Farsta-Vasteras)"]
[Site "?"]
[Date "2019.02.02"]
[Round "5"]
[White "Kretz, Johan"]
[Black "Wieweg, Johnny"]
[Result "1-0"]
[WhiteElo "2207"]
[BlackElo "2103"]
[PlyCount "93"]
1. d4 e6 2. c4 f5 3. g3 Nf6 4. Bg2 d5 5. Qc2 c6 6. Nh3 Bd6 7. O-O O-O 8. Bf4
Be7 9. Bxb8 Rxb8 10. Nf4 Bd6 11. Nd3 Bd7 12. Nd2 Be8 13. Nf3 Bh5 14. b4 Qe7 15.
Rab1 a6 16. a4 Rbc8 17. c5 Bb8 18. b5 axb5 19. axb5 cxb5 20. Rxb5 Be8 21. Rb4
Ng4 22. Qb2 Bc6 23. h3 Nh6 24. Nfe5 Nf7 25. Nxc6 bxc6 26. Rb1 Bc7 27. f4 g5 28.
e3 Kh8 29. Rb7 Rg8 30. Kh2 Qf6 31. Ra1 Nd8 32. Rb3 Qg7 33. Qf2 Rb8 34. Rxb8
Bxb8 35. Bf1 Nf7 36. Nb4 gxf4 37. exf4 e5 38. dxe5 Nxe5 39. fxe5 Bxe5 40. Ra3
Bd4 41. Qc2 f4 42. g4 Qf6 43. Bg2 h5 44. Ra7 Qh6 45. Nxc6 Bf6 46. Qf5 hxg4 47.
Ne5 1-0

[Event "Elit(Farsta-Vasteras)"]
[Site "?"]
[Date "2019.02.02"]
[Round "5"]
[White "Lagerborg, Krister"]
[Black "Norberg, Erik"]
[Result "0-1"]
[WhiteElo "2092"]
[BlackElo "2209"]
[PlyCount "56"]
1. e4 g6 2. d4 Bg7 3. c4 d6 4. Nc3 Nf6 5. f3 c6 6. Be3 Nbd7 7. Bd3 e5 8. d5 O-O
9. Nge2 Nh5 10. g4 Nf4 11. Nxf4 exf4 12. Bf2 Ne5 13. Be2 f5 14. gxf5 gxf5 15.
Qd2 c5 16. Rg1 Kh8 17. O-O-O Bh6 18. Kb1 Qf6 19. Ka1 a6 20. Qe1 b5 21. cxb5
axb5 22. Nxb5 fxe4 23. fxe4 f3 24. Bf1 Bd7 25. Bh4 Qf4 26. Qg3 Qxe4 27. Nxd6
Rxa2+ 28. Kxa2 Qa4+ 0-1

[Event "Elit(Schack 08-LASK)"]
[Site "?"]
[Date "2019.01.13"]
[Round "6"]
[White "Renman, Nils-Gustaf"]
[Black "Kucuksari, Kaan"]
[Result "1-0"]
[WhiteElo "2357"]
[BlackElo "2345"]
[PlyCount "75"]
1. d4 Nf6 2. Nf3 e6 3. c4 b6 4. g3 Bb7 5. Bg2 Be7 6. O-O O-O 7. Nc3 Ne4 8. Bd2
Nxd2 9. Qxd2 d6 10. Qc2 g6 11. e4 Nd7 12. Rad1 Bf6 13. Rfe1 Qe7 14. h4 Rad8 15.
Nd5 exd5 16. exd5 Ne5 17. dxe5 dxe5 18. Rd2 Rfe8 19. Rde2 Qd6 20. Ng5 Bg7 21.
h5 Qf6 22. f4 Qe7 23. hxg6 hxg6 24. Nf3 Qc5+ 25. Kh2 e4 26. Rxe4 Rxe4 27. Qxe4
Bxb2 28. Qe7 Qd6 29. Ng5 Rf8 30. c5 Qd8 31. c6 Ba6 32. Qxd8 Rxd8 33. Re7 Rc8
34. Rxf7 Bc4 35. Rd7 Ba3 36. Bh3 Rb8 37. Be6+ Kf8 38. Nh7+ 1-0

[Event "Elit(Schack 08-LASK)"]
[Site "?"]
[Date "2019.01.13"]
[Round "6"]
[White "Dragicevic, Drazen"]
[Black "Bjorkeroth, Johan"]
[Result "1-0"]
[WhiteElo "2340"]
[BlackElo "2110"]
[PlyCount "111"]
1. Nf3 Nf6 2. c4 e6 3. b3 b6 4. g3 Bb7 5. Bg2 d5 6. Bb2 Nbd7 7. O-O c5 8. cxd5
exd5 9. d4 Be7 10. Nh4 O-O 11. Nf5 Re8 12. Nc3 Nf8 13. Rc1 Ne6 14. Nxe7+ Rxe7
15. dxc5 bxc5 16. Na4 Rc7 17. Be5 Rcc8 18. Qd3 Nd7 19. Bb2 Nb6 20. Nc3 Qd7 21.
Rfd1 Rd8 22. Qf5 Nd4 23. Qh5 Rac8 24. e3 g6 25. Qh4 Nf5 26. Qf6 d4 27. Ne4 Bxe4
28. Bxe4 Nd5 29. Bxf5 Nxf6 30. Bxd7 Rxd7 31. exd4 Rcd8 32. Rxc5 Ne4 33. Re5 f5
34. f3 Ng5 35. Kf2 Nf7 36. Rc5 Re8 37. Re1 Red8 38. Rec1 Nd6 39. Rd5 g5 40. Ba3
Nf7 41. Rxd7 Rxd7 42. Rc8+ Kg7 43. Bf8+ Kg6 44. Rc6+ Kh5 45. Rf6 f4 46. d5
fxg3+ 47. hxg3 g4 48. f4 h6 49. d6 a5 50. Rxf7 Rxf7 51. Be7 a4 52. bxa4 Rf5 53.
d7 Ra5 54. d8=Q Ra6 55. Qe8+ Rg6 56. Qb5+ 1-0

[Event "Elit(Schack 08-LASK)"]
[Site "?"]
[Date "2019.01.13"]
[Round "6"]
[White "Arvidsson, Tomas"]
[Black "Mauritsson, Sebastian"]
[Result "0-1"]
[WhiteElo "2034"]
[BlackElo "2322"]
[PlyCount "86"]
1. e4 c5 2. Nc3 a6 3. g3 b5 4. Bg2 Bb7 5. d3 e6 6. f4 d5 7. e5 h5 8. f5 exf5 9.
Nh3 b4 10. Ne2 Nc6 11. O-O Nge7 12. Nef4 g6 13. Re1 Bg7 14. Be3 d4 15. Bf2 Rb8
16. e6 f6 17. a3 a5 18. c3 O-O 19. axb4 axb4 20. c4 Ne5 21. Bxb7 Rxb7 22. Qe2
Qd6 23. Rf1 Rbb8 24. Be1 Ra8 25. Bd2 Qc6 26. Qg2 Nf3+ 27. Qxf3 Qxf3 28. Rxf3
Rxa1+ 29. Rf1 Rfa8 30. Nd5 Rxf1+ 31. Kxf1 Nxd5 32. cxd5 Bf8 33. Bf4 g5 34. Bc7
Ra1+ 35. Ke2 Ra2 36. d6 Rxb2+ 37. Ke1 Rxh2 38. d7 b3 39. d8=Q b2 40. Nf2 b1=Q+
41. Nd1 Rh1+ 42. Kf2 Qc2+ 43. Kf3 Rf1+ 0-1

[Event "Elit(Schack 08-LASK)"]
[Site "?"]
[Date "2019.01.13"]
[Round "6"]
[White "Sternlund, Hakan"]
[Black "Jogstad, Martin"]
[Result "0-1"]
[WhiteElo "2119"]
[BlackElo "2246"]
[PlyCount "72"]
1. c4 c6 2. e4 d5 3. exd5 cxd5 4. cxd5 Nf6 5. Qa4+ Nbd7 6. Nc3 g6 7. g4 Bg7 8.
g5 Nh5 9. d4 a6 10. Bg2 O-O 11. Nge2 b5 12. Qb3 Rb8 13. Ne4 Nb6 14. Nc5 Qd6 15.
Be3 Kh8 16. O-O Rd8 17. Ne4 Qxd5 18. Qb4 Qd7 19. N2c3 Nc4 20. Ne2 a5 21. Qb3
Qa7 22. Rfd1 Be6 23. Qc2 Rbc8 24. Nc5 Bd5 25. Bxd5 Rxd5 26. Qe4 Nxe3 27. Qxe3
e5 28. Qb3 Rcd8 29. Ne4 exd4 30. N2c3 a4 31. Qxd5 Rxd5 32. Nxd5 Qb7 33. Ndf6
Bxf6 34. Nxf6 Nf4 35. f3 Qxf3 36. Rd2 Nh3# 0-1

[Event "Elit(Eksjo-Limhamn)"]
[Site "?"]
[Date "2019.01.13"]
[Round "6"]
[White "Jepson, Christian"]
[Black "Gajic, Mladen"]
[Result "1/2-1/2"]
[WhiteElo "2387"]
[BlackElo "2316"]
[PlyCount "35"]
1. Nf3 g6 2. e4 Bg7 3. d4 d6 4. c4 e5 5. Nc3 Nc6 6. Be3 Bg4 7. d5 Nd4 8. Be2
Bxf3 9. Bxf3 c5 10. dxc6 bxc6 11. b4 Ne7 12. Rc1 O-O 13. O-O Qc7 14. g3 Qb7 15.
a3 Qa6 16. Bxd4 exd4 17. Qa4 Qc8 18. Nb1 1/2-1/2

[Event "Elit(Eksjo-Limhamn)"]
[Site "?"]
[Date "2019.01.13"]
[Round "6"]
[White "Gdanski, Jacek"]
[Black "Brynell, Stellan"]
[Result "1/2-1/2"]
[WhiteElo "2464"]
[BlackElo "2401"]
[PlyCount "47"]
1. e4 e6 2. d4 d5 3. Nc3 Nf6 4. Bg5 Bb4 5. e5 h6 6. Bd2 Bxc3 7. bxc3 Ne4 8. Qg4
g6 9. Bd3 Nxd2 10. Kxd2 c5 11. Nf3 Nc6 12. Qf4 cxd4 13. cxd4 Qa5+ 14. c3 b6 15.
Qf6 Rg8 16. a4 Ba6 17. Bb5 Rc8 18. Rhb1 Kf8 19. Bxc6 Rxc6 20. Rb4 Rc4 21. Qd8+
Kg7 22. Qf6+ Kf8 23. Qd8+ Kg7 24. Qf6+ 1/2-1/2

[Event "Elit(Eksjo-Limhamn)"]
[Site "?"]
[Date "2019.01.13"]
[Round "6"]
[White "Johansson, Linus"]
[Black "Rothen, Hakan"]
[Result "1-0"]
[WhiteElo "2477"]
[BlackElo "2317"]
[PlyCount "83"]
1. d4 e6 2. e4 d5 3. Nc3 Nf6 4. e5 Nfd7 5. f4 c5 6. Nf3 a6 7. Be3 Nc6 8. Qd2 b5
9. a3 Rb8 10. dxc5 Bxc5 11. b4 Bxe3 12. Qxe3 Qb6 13. Qf2 Qxf2+ 14. Kxf2 f6 15.
exf6 Nxf6 16. Bd3 O-O 17. Rhe1 Bd7 18. g3 e5 19. fxe5 Ng4+ 20. Kg2 Rxf3 21.
Kxf3 Rf8+ 22. Kg2 Ncxe5 23. Rf1 Ne3+ 24. Kg1 Nxf1 25. Rxf1 Rxf1+ 26. Kxf1 Ng4
27. Nxd5 Nxh2+ 28. Ke2 Kf7 29. Nc7 Bc8 30. c4 bxc4 31. Bxc4+ Ke7 32. Nxa6 Kd6
33. Nc5 h5 34. a4 Kc6 35. Be6 Bxe6 36. Nxe6 g6 37. Nf4 g5 38. Nxh5 Ng4 39. Kd3
Nf2+ 40. Kc4 Nd1 41. b5+ Kb7 42. a5 1-0

[Event "Elit(Eksjo-Limhamn)"]
[Site "?"]
[Date "2019.01.13"]
[Round "6"]
[White "Vernersson, Per"]
[Black "Schneider, Stefan"]
[Result "1-0"]
[WhiteElo "2299"]
[BlackElo "2362"]
[PlyCount "97"]
1. d4 e6 2. c4 Bb4+ 3. Nd2 Nf6 4. a3 Be7 5. e4 d5 6. e5 Nfd7 7. Ngf3 c5 8. cxd5
exd5 9. dxc5 a5 10. Nb3 a4 11. Nbd4 Nxc5 12. h3 O-O 13. Be2 Nc6 14. O-O Qb6 15.
Rb1 Nxd4 16. Nxd4 Qg6 17. Bf4 Bxh3 18. Bg3 Bd7 19. Bh5 Qb6 20. Bf3 Ne4 21. Bf4
Bc5 22. Be3 Rfe8 23. e6 fxe6 24. Bxe4 dxe4 25. Nc2 Bb5 26. Bxc5 Qxc5 27. Re1
Red8 28. Qc1 Rac8 29. Nb4 Qxc1 30. Rbxc1 Kf7 31. Rxc8 Rxc8 32. Rxe4 Rc1+ 33.
Kh2 Rb1 34. Re5 Bc4 35. Re4 Bb5 36. Re5 Bc4 37. Re4 b5 38. Nc6 Bd5 39. Ne5+ Kf6
40. Re2 Rd1 41. Ng4+ Ke7 42. Ne3 Bc4 43. Rc2 Rd4 44. f3 Kd6 45. Kg3 Kc5 46. Ng4
h5 47. Nf2 Kd5 48. Ne4 Bd3 49. Rc5# 1-0

[Event "Elit(Eksjo-Limhamn)"]
[Site "?"]
[Date "2019.01.13"]
[Round "6"]
[White "Lindgren, Philip"]
[Black "Malesevic, Nedeljko"]
[Result "1/2-1/2"]
[WhiteElo "2379"]
[BlackElo "2249"]
[PlyCount "55"]
1. d4 d5 2. c4 e6 3. Nc3 Nf6 4. cxd5 exd5 5. Bg5 c6 6. e3 Be7 7. Bd3 Nbd7 8.
Qc2 Nf8 9. Nge2 g6 10. O-O Ne6 11. Bh4 O-O 12. Rad1 Nh5 13. Bxe7 Qxe7 14. e4
Nhf4 15. exd5 cxd5 16. Rfe1 Qg5 17. Nxf4 Nxf4 18. g3 Nh3+ 19. Kf1 Bg4 20. Be2
Rfe8 21. Bxg4 Qxg4 22. Qd3 Qh5 23. Kg2 Nxf2 24. Kxf2 Qxh2+ 25. Kf1 Qh1+ 26. Kf2
Qh2+ 27. Kf1 Qh1+ 28. Kf2 1/2-1/2

[Event "Elit(Eksjo-Limhamn)"]
[Site "?"]
[Date "2019.01.13"]
[Round "6"]
[White "Ornstein, Axel"]
[Black "Penalver, Osmani"]
[Result "1-0"]
[WhiteElo "2301"]
[BlackElo "2246"]
[PlyCount "121"]
1. d4 Nf6 2. c4 e6 3. Nc3 Bb4 4. e3 c5 5. Bd3 Nc6 6. Nge2 cxd4 7. exd4 d5 8.
cxd5 Nxd5 9. O-O O-O 10. Be4 h6 11. Nxd5 exd5 12. Bc2 Re8 13. Qd3 Kf8 14. a3
Bd6 15. Bf4 Bxf4 16. Nxf4 Re4 17. Ne2 g6 18. Qd2 Rxe2 19. Qxe2 Nxd4 20. Qd2
Nxc2 21. Qxc2 Be6 22. Qd2 Kg7 23. Rac1 Qb6 24. Rfd1 Rd8 25. Qd4+ Qxd4 26. Rxd4
Rd7 27. f4 Kf6 28. Kf2 Ke7 29. b4 Kd6 30. b5 Bf5 31. a4 Re7 32. a5 Bd7 33. Rcd1
Be6 34. Rc1 Bd7 35. b6 axb6 36. axb6 Bc6 37. g4 Re8 38. g5 h5 39. f5 Ke5 40.
fxg6 fxg6 41. Rd3 Ra8 42. Re1+ Kf4 43. Rf3+ Kxg5 44. Rg1+ Kh6 45. Rf6 Be8 46.
Ke3 Ra4 47. Re6 d4+ 48. Ke4 Bc6+ 49. Rxc6 bxc6 50. Rb1 Ra8 51. b7 Rb8 52. Kxd4
Kg5 53. Kc5 Kh4 54. Rb3 g5 55. Kxc6 Kg4 56. Kc7 Rxb7+ 57. Kxb7 Kf4 58. Rb4+ Kf5
59. Kc6 g4 60. Rb5+ Kg6 61. Kd5 1-0

[Event "Elit(Eksjo-Limhamn)"]
[Site "?"]
[Date "2019.01.13"]
[Round "6"]
[White "Tadjerbashi, Amir"]
[Black "Nordstrom, Per-Olov"]
[Result "1/2-1/2"]
[WhiteElo "2200"]
[BlackElo "1904"]
[PlyCount "99"]
1. e4 c5 2. Nf3 Nc6 3. d4 cxd4 4. Nxd4 Nf6 5. Nc3 e5 6. Ndb5 d6 7. Bg5 a6 8.
Na3 b5 9. Bxf6 gxf6 10. Nd5 f5 11. Bd3 Be6 12. c3 Bg7 13. Nxb5 axb5 14. Bxb5
Bd7 15. exf5 O-O 16. O-O Re8 17. Qf3 e4 18. Qg3 Kh8 19. Qxd6 Be5 20. Qh6 Bg7
21. Qd2 Ne5 22. Bxd7 Qxd7 23. f6 Bxf6 24. Qf4 Bg5 25. Qxe4 f5 26. Qd4 f4 27.
Rfe1 Qf5 28. f3 Kg8 29. Rad1 Rad8 30. Re4 Nc6 31. Rxe8+ Rxe8 32. Qc4 Qe6 33.
Nb6 Qxc4 34. Nxc4 Bh4 35. g3 fxg3 36. hxg3 Bxg3 37. Rd5 Bf4 38. b4 Re1+ 39. Kf2
Ra1 40. a3 Ra2+ 41. Kf1 Rc2 42. Rc5 Ne7 43. Na5 Ng6 44. Nc6 Ra2 45. Rc4 Rxa3
46. Ke2 h5 47. Ne7+ Nxe7 48. Rxf4 Rxc3 49. Rh4 Rb3 50. Rxh5 1/2-1/2